[Event "Madrid ch 2009 - Semifinal A"]
[Site "Madrid ESP"]
[Date "2009.01.21"]
[Round "6.2"]
[White "Tejedor Ariza, Francisco"]
[Black "Longa Yauca, Javier"]
[Result "0-1"]
[WhiteElo "2089"]
[BlackElo "2312"]
[PlyCount "240"]
[EventDate "2009.01.12"]
[EventType "swiss"]
[EventRounds "9"]
[EventCountry "ESP"]
[Source "lmi"]
[SourceDate "2009.01.12"]

1. e4 e6 2. d4 d5 3. exd5 exd5 4. Bd3 Bd6 5. Nf3 Ne7 6. Bg5 h6 7. Bh4 Be6 8.
Bg3 Bxg3 9. hxg3 Nd7 10. c3 c6 11. Nbd2 Qc7 12. Qc2 O-O-O 13. O-O-O Kb8 14. Nb3
Nc8 15. Rhe1 Bg4 16. Re3 f6 17. Rde1 g5 18. Nfd2 Bh5 19. Bf5 b6 20. g4 Bf7 21.
Nf1 h5 22. gxh5 Rxh5 23. g4 Rh1 24. Ng3 Rh2 25. R3e2 Rdh8 26. Nf1 Rh1 27. Ng3
Rxe1+ 28. Rxe1 Rh2 29. Re2 Qf4+ 30. Qd2 Kc7 31. Qxf4+ gxf4 32. Nf1 Rh1 33. Nbd2
Nd6 34. Bxd7 Kxd7 35. f3 Bg6 36. Rh2 Rg1 37. Kd1 Bd3 38. Ke1 Nc4 39. Kf2 Nxd2
40. Kxg1 Nxf1 41. Rh6 Ke7 42. g5 fxg5 43. Rxc6 Nd2 44. Kf2 Nc4 45. b3 Ne3 46.
Ke1 g4 47. fxg4 Nxg4 48. Kd2 Be4 49. Rc7+ Kf6 50. Rxa7 f3 51. Ra8 Kg7 52. Ra7+
Kg6 53. Ra8 Kg5 54. Rg8+ Kh4 55. c4 Kg3 56. Rf8 Nh2 57. Kc3 f2 58. Rxf2 Kxf2
59. Kb4 Ke3 60. cxd5 Kxd4 61. Kb5 Bxd5 62. Kxb6 Nf3 63. a4 Ne5 64. b4 Kc4 65.
Kc7 Nc6 66. b5 Na5 67. Kd6 Bf3 68. Ke5 Kb4 69. Kf4 Bh1 70. Ke5 Kxa4 71. Kd4
Kxb5 72. Ke5 Kc5 73. Ke6 Bc6 74. Ke5 Bd5 75. Kf4 Nc4 76. Kf5 Nd6+ 77. Ke5 Ne8
78. Kf4 Kd4 79. Kf5 Bf7 80. Kf4 Nf6 81. Kf5 Nd5 82. Kg5 Be6 83. Kg6 Ke5 84. Kg7
Bc8 85. Kg6 Nf4+ 86. Kf7 Bf5 87. Ke7 Be6 88. Ke8 Nd5 89. Kf8 Kf6 90. Ke8 Bf5
91. Kf8 Bg6 92. Kg8 Ke7 93. Kg7 Bf7 94. Kh7 Kf6 95. Kh8 Ne7 96. Kh7 Ng6 97. Kh6
Bg8 98. Kh5 Be6 99. Kh6 Nf8 100. Kh5 Bf5 101. Kh6 Ne6 102. Kh5 Ke5 103. Kh6 Kf6
104. Kh5 Nc5 105. Kh6 Ne4 106. Kh5 Nd6 107. Kh6 Nf7+ 108. Kh5 Ke5 109. Kh4 Kf4
110. Kh5 Be4 111. Kh4 Bf3 112. Kh3 Nd6 113. Kh4 Nf5+ 114. Kh3 Ke3 115. Kh2 Kf2
116. Kh3 Be2 117. Kh2 Bf1 118. Kh1 Ne3 119. Kh2 Ng4+ 120. Kh1 Bg2# 0-1

[Event "Madrid ch 2009 - Semifinal A"]
[Site "Madrid ESP"]
[Date "2009.01.21"]
[Round "6.3"]
[White "Ciuro Munoz, Ricardo"]
[Black "Lopez Melgar, Enrique"]
[Result "1/2-1/2"]
[WhiteElo "2071"]
[BlackElo "2217"]
[PlyCount "69"]
[EventDate "2009.01.12"]
[EventType "swiss"]
[EventRounds "9"]
[EventCountry "ESP"]
[Source "lmi"]
[SourceDate "2009.01.12"]

1. e4 c5 2. Nf3 Nc6 3. d3 g6 4. g3 Bg7 5. Bg2 d6 6. O-O Nf6 7. Re1 Rb8 8. a4 a6
9. c3 O-O 10. h3 b5 11. axb5 axb5 12. Nbd2 Qb6 13. Nf1 b4 14. Ne3 Ba6 15. Nd5
Nxd5 16. exd5 Ne5 17. Nxe5 Bxe5 18. c4 Bc8 19. Bh6 Re8 20. Qd2 Bd7 21. h4 Ra8
22. h5 Bf5 23. hxg6 hxg6 24. Bf3 Ra5 25. Bf4 Rxa1 26. Rxa1 Bh8 27. Kg2 Rb8 28.
Rh1 Qd8 29. Bh6 Ra8 30. Qf4 Bxb2 31. Qh4 Ra7 32. Bc1 Bc3 33. Bd2 Bb2 34. Bc1
Bc3 35. Bd2 1/2-1/2

[Event "Madrid ch 2009 - Semifinal A"]
[Site "Madrid ESP"]
[Date "2009.01.21"]
[Round "6.4"]
[White "Fraga Castro, Jose Carlos"]
[Black "Lozano Cortijo, Mariano"]
[Result "1-0"]
[WhiteElo "2187"]
[BlackElo "2161"]
[PlyCount "69"]
[EventDate "2009.01.12"]
[EventType "swiss"]
[EventRounds "9"]
[EventCountry "ESP"]
[Source "lmi"]
[SourceDate "2009.01.12"]

1. b3 d5 2. Bb2 Bf5 3. e3 e6 4. Nf3 h6 5. Be2 Nf6 6. O-O Bd6 7. Ne5 O-O 8. f4
Nfd7 9. c4 Bxe5 10. fxe5 Bg6 11. Qe1 Nc6 12. d4 Ne7 13. Nc3 c6 14. Rf4 a6 15.
Ba3 Re8 16. g4 f6 17. Bd6 Nc8 18. c5 fxe5 19. Bxe5 Nxe5 20. dxe5 b6 21. Na4 b5
22. Nb2 a5 23. Nd3 Qe7 24. Rc1 Rf8 25. Rxf8+ Kxf8 26. Nf4 Be4 27. Bf3 g5 28.
Bxe4 gxf4 29. Bd3 Qg5 30. Qf2 Qxg4+ 31. Kh1 f3 32. Rg1 Qh5 33. Qg3 Qf7 34. Qh4
f2 35. Qd8+ 1-0

[Event "Madrid ch 2009 - Semifinal A"]
[Site "Madrid ESP"]
[Date "2009.01.21"]
[Round "6.5"]
[White "Martin Rodriguez, Emilio"]
[Black "Vukotic Jovsic, Dragan"]
[Result "0-1"]
[WhiteElo "2133"]
[BlackElo "1995"]
[PlyCount "98"]
[EventDate "2009.01.12"]
[EventType "swiss"]
[EventRounds "9"]
[EventCountry "ESP"]
[Source "lmi"]
[SourceDate "2009.01.12"]

1. d4 d5 2. c4 e6 3. Nc3 Be7 4. Nf3 Nf6 5. Bg5 Nbd7 6. e3 O-O 7. Qc2 c5 8. cxd5
Nxd5 9. Bxe7 Qxe7 10. Nxd5 exd5 11. dxc5 Nxc5 12. Be2 Be6 13. O-O Rfc8 14. Nd4
Ne4 15. Qa4 Nc5 16. Qa3 Kf8 17. Rac1 a6 18. Qa5 Ne4 19. Rfd1 Nd6 20. g3 Nc4 21.
Bxc4 dxc4 22. Nxe6+ Qxe6 23. Qb4+ Ke8 24. Rd4 b5 25. a4 Qe7 26. Qc3 Kf8 27.
Rcd1 Rd8 28. axb5 axb5 29. Rxd8+ Rxd8 30. Rxd8+ Qxd8 31. Qb4+ Qe7 32. Qxb5 Qc7
33. Qd5 f6 34. h4 c3 35. Qa8+ Kf7 36. Qa2+ Kg6 37. Qb1+ c2 38. Qc1 Qc4 39. h5+
Kxh5 40. e4 g5 41. Kh2 Qd3 42. Qa1 Qd1 43. Qa8 c1=Q 44. Qe8+ Kg4 45. Qe6+ Kf3
46. Qf5+ Ke2 47. Qg4+ Ke1 48. Qf5 Qxb2 49. Kg2 Qdd2 0-1

[Event "Madrid ch 2009 - Semifinal A"]
[Site "Madrid ESP"]
[Date "2009.01.21"]
[Round "6.6"]
[White "Rodriguez Gonzalez, Javier"]
[Black "Lopez Andujar Ocana, Antonio"]
[Result "1-0"]
[WhiteElo "2262"]
[BlackElo "2137"]
[PlyCount "47"]
[EventDate "2009.01.12"]
[EventType "swiss"]
[EventRounds "9"]
[EventCountry "ESP"]
[Source "lmi"]
[SourceDate "2009.01.12"]

1. d4 Nf6 2. Bg5 d5 3. Nd2 e6 4. e3 h6 5. Bh4 c6 6. Bd3 Qb6 7. Rb1 c5 8. c3 Bd7
9. Qe2 Bc6 10. Ngf3 Nbd7 11. O-O Ne4 12. c4 g5 13. Bg3 Nxd2 14. Nxd2 cxd4 15.
b4 dxc4 16. Nxc4 Qd8 17. b5 Bd5 18. Nd6+ Bxd6 19. Bxd6 Qb6 20. Bb4 dxe3 21.
fxe3 O-O-O 22. a4 Kb8 23. a5 Qc7 24. e4 1-0

[Event "Madrid ch 2009 - Semifinal A"]
[Site "Madrid ESP"]
[Date "2009.01.21"]
[Round "6.7"]
[White "Quintero Torres, Pedro"]
[Black "De la Fuente Gonzalez, Francisco"]
[Result "0-1"]
[WhiteElo "2046"]
[BlackElo "2176"]
[PlyCount "142"]
[EventDate "2009.01.12"]
[EventType "swiss"]
[EventRounds "9"]
[EventCountry "ESP"]
[Source "lmi"]
[SourceDate "2009.01.12"]

1. d4 d5 2. Nf3 Nf6 3. Nc3 Bf5 4. Bf4 e6 5. e3 Bb4 6. a3 Bxc3+ 7. bxc3 Nbd7 8.
Bd3 O-O 9. Ne5 Nxe5 10. Bxe5 Nd7 11. Bg3 Nb6 12. O-O Rc8 13. Qf3 Qf6 14. e4
dxe4 15. Bxe4 Bxe4 16. Qxe4 c6 17. a4 Nd5 18. c4 Ne7 19. Rab1 b6 20. Rfe1 Rfd8
21. Rbd1 Qf5 22. Bh4 Qxe4 23. Rxe4 Rd7 24. Bxe7 Rxe7 25. Kf1 Rd7 26. Ke2 Rcd8
27. Rd3 g6 28. c5 bxc5 29. dxc5 Rd5 30. Rxd5 Rxd5 31. Rb4 Rxc5 32. Kd3 Kg7 33.
Rb7 a5 34. Ra7 e5 35. c4 h5 36. h4 Kf6 37. g3 Ke6 38. Ra8 Kf5 39. Rf8 f6 40. f3
Ke6 41. Re8+ Kf7 42. Ra8 g5 43. hxg5 fxg5 44. Rh8 Kg6 45. Rg8+ Kh7 46. Rd8 h4
47. gxh4 gxh4 48. Rd6 h3 49. Kc3 h2 50. Rd1 e4 51. fxe4 Rh5 52. Rh1 c5 53. Kd3
Kg6 54. Ke3 Kg5 55. Kf3 Rh4 56. Kg3 Rxe4 57. Rxh2 Rxc4 58. Ra2 Rc3+ 59. Kf2 Kf4
60. Ke2 Ke4 61. Kd2 Kd4 62. Ra1 Rh3 63. Kc2 Kc4 64. Kb2 Kb4 65. Rc1 Rh2+ 66.
Ka1 c4 67. Kb1 Kb3 68. Ka1 c3 69. Rb1+ Rb2 70. Rh1 Ra2+ 71. Kb1 c2+ 0-1

[Event "Madrid ch 2009 - Semifinal A"]
[Site "Madrid ESP"]
[Date "2009.01.21"]
[Round "6.8"]
[White "Salcedo Tornero, Pablo"]
[Black "Garcia Gutierrez, Jose"]
[Result "1-0"]
[WhiteElo "2158"]
[BlackElo "2060"]
[PlyCount "83"]
[EventDate "2009.01.12"]
[EventType "swiss"]
[EventRounds "9"]
[EventCountry "ESP"]
[Source "lmi"]
[SourceDate "2009.01.12"]

1. e4 e6 2. d3 d5 3. Nd2 e5 4. Ngf3 Nc6 5. g3 Nf6 6. Bg2 dxe4 7. dxe4 Bc5 8.
O-O O-O 9. Qe2 h6 10. c3 a5 11. Nb3 Bd6 12. Rd1 Qe7 13. Nbd2 Be6 14. Nf1 a4 15.
Nh4 Ra5 16. Ne3 Ne8 17. Nhf5 Bxf5 18. Nxf5 Qf6 19. Bd2 Ne7 20. Ne3 Qg6 21. Rac1
Ra8 22. Qb5 c6 23. Qe2 Bc5 24. Nc4 Qe6 25. a3 Rd8 26. Be3 Rxd1+ 27. Rxd1 Bxe3
28. Nxe3 Nd6 29. Bh3 Qg6 30. f3 f5 31. Qd3 f4 32. Ng2 Rf6 33. gxf4 Nf7 34. Qd7
Rxf4 35. Qxe7 Ng5 36. Rd8+ Kh7 37. Bf5 Nxf3+ 38. Kf2 Rxf5 39. exf5 Qxf5 40. Qd7
Qf6 41. Qd3+ g6 42. Rd7+ 1-0

[Event "Madrid ch 2009 - Semifinal A"]
[Site "Madrid ESP"]
[Date "2009.01.21"]
[Round "6.9"]
[White "Pastor Alonso de Prado, Alberto"]
[Black "Fernandez Aransay, Fernando"]
[Result "1/2-1/2"]
[WhiteElo "2137"]
[BlackElo "1956"]
[PlyCount "72"]
[EventDate "2009.01.12"]
[EventType "swiss"]
[EventRounds "9"]
[EventCountry "ESP"]
[Source "lmi"]
[SourceDate "2009.01.12"]

1. e4 c6 2. d4 d5 3. e5 Bf5 4. a3 c5 5. dxc5 e6 6. b4 Nd7 7. Nf3 f6 8. Bb5 a6
9. Ba4 Qc7 10. Bb2 O-O-O 11. Qe2 Be7 12. Nbd2 Nh6 13. O-O Ng4 14. exf6 gxf6 15.
h3 h5 16. Rfe1 Rdg8 17. Bxd7+ Kxd7 18. c4 Nxf2 19. Qxf2 Bxh3 20. Nh4 Rxg2+ 21.
Nxg2 Rg8 22. cxd5 Rxg2+ 23. Qxg2 Bxg2 24. dxe6+ Kc8 25. Kxg2 Qf4 26. Nf3 h4 27.
Kf2 Qg3+ 28. Ke3 f5 29. Rg1 f4+ 30. Ke4 Qf2 31. Be5 Qe3+ 32. Kf5 Qxf3 33. Rad1
Qh3+ 34. Kxf4 Qxe6 35. Rde1 Qf7+ 36. Kg4 Qg6+ 1/2-1/2

[Event "Madrid ch 2009 - Semifinal A"]
[Site "Madrid ESP"]
[Date "2009.01.21"]
[Round "6.10"]
[White "Pardo Robles, Jose Manuel"]
[Black "Andalon Gomez, Carlos J"]
[Result "1-0"]
[WhiteElo "1946"]
[BlackElo "1999"]
[PlyCount "107"]
[EventDate "2009.01.12"]
[EventType "swiss"]
[EventRounds "9"]
[EventCountry "ESP"]
[Source "lmi"]
[SourceDate "2009.01.12"]

1. d4 d5 2. c4 e6 3. Nf3 Nf6 4. Bg5 Nbd7 5. e3 c6 6. cxd5 exd5 7. Nc3 Be7 8.
Bd3 O-O 9. Qc2 Re8 10. O-O-O b5 11. Kb1 Nf8 12. Ne5 Qb6 13. Rc1 N6d7 14. Bxe7
Rxe7 15. Nf3 a5 16. Bxb5 Rb8 17. Bd3 Bb7 18. Na4 Qd8 19. Ng5 g6 20. h4 Re8 21.
Nf3 Qf6 22. h5 Ne6 23. hxg6 hxg6 24. Rh6 Kg7 25. Rch1 Rh8 26. Rxh8 Rxh8 27.
Rxh8 Kxh8 28. Qd2 Qd8 29. Nc5 Ndxc5 30. dxc5 Qe7 31. Qxa5 Nxc5 32. Qb4 Kg8 33.
Bc2 Kf8 34. Qd4 Kg8 35. b4 Ne6 36. Qc3 Qd6 37. Nd4 Nxd4 38. Qxd4 Ba6 39. g3 Bc4
40. a3 Qd7 41. Kb2 Qb7 42. Bb3 Bb5 43. e4 dxe4 44. Qxe4 Kg7 45. a4 Bf1 46. Ka3
Qd7 47. Bc4 Bh3 48. Qd3 Qg4 49. a5 Qc8 50. a6 Qc7 51. Qd4+ Kg8 52. a7 Qc8 53.
Qb6 Qf5 54. a8=Q+ 1-0

[Event "Madrid ch 2009 - Semifinal A"]
[Site "Madrid ESP"]
[Date "2009.01.21"]
[Round "6.11"]
[White "Montero Garcia, Francisco Javier"]
[Black "Cortes Jurado, Rafael"]
[Result "0-1"]
[WhiteElo "1906"]
[BlackElo "2050"]
[PlyCount "58"]
[EventDate "2009.01.12"]
[EventType "swiss"]
[EventRounds "9"]
[EventCountry "ESP"]
[Source "lmi"]
[SourceDate "2009.01.12"]

1. e4 c5 2. Nf3 e6 3. d3 Nc6 4. g3 g6 5. Bg2 Bg7 6. O-O Nge7 7. Re1 O-O 8. Nbd2
d5 9. e5 Qc7 10. Qe2 Nf5 11. c3 b5 12. Nb3 c4 13. Nbd4 Nfxd4 14. Nxd4 Nxd4 15.
cxd4 Rb8 16. Bd2 a5 17. dxc4 dxc4 18. d5 exd5 19. Bxd5 Bb7 20. Bxb7 Rxb7 21.
Rac1 Re8 22. f4 Bf8 23. b3 Rd8 24. bxc4 bxc4 25. Red1 Rb2 26. e6 Qc5+ 27. Kf1
Qd5 28. exf7+ Kxf7 29. Bc3 Qh1+ 0-1

[Event "Madrid ch 2009 - Semifinal A"]
[Site "Madrid ESP"]
[Date "2009.01.21"]
[Round "6.12"]
[White "Perez Cameselle, Francisco Jose"]
[Black "Ruiz Quevedo, Andres"]
[Result "0-1"]
[WhiteElo "1996"]
[BlackElo "1889"]
[PlyCount "72"]
[EventDate "2009.01.12"]
[EventType "swiss"]
[EventRounds "9"]
[EventCountry "ESP"]
[Source "lmi"]
[SourceDate "2009.01.12"]

1. Nf3 c5 2. g3 b6 3. Bg2 Bb7 4. O-O Nf6 5. d3 e6 6. e4 d6 7. Nbd2 Be7 8. Re1
O-O 9. c3 Nc6 10. Qe2 Qc7 11. a3 Ba6 12. b4 Ne5 13. c4 Ng6 14. Nf1 Bb7 15. Bb2
Nd7 16. d4 cxd4 17. Nxd4 Rac8 18. Rac1 Qb8 19. Red1 Rfe8 20. Ne3 Nf6 21. f3 d5
22. cxd5 Rxc1 23. Rxc1 exd5 24. exd5 Nxd5 25. Nxd5 Bxd5 26. Qb5 Qa8 27. Rc7 Bf6
28. Rxa7 Qb8 29. Rd7 Re1+ 30. Kf2 Qe8 31. Nc2 Bc6 32. Qd3 Bxd7 33. Bxf6 Bb5 34.
Qd8 Qxd8 35. Bxd8 Re2+ 36. Kg1 Rxc2 0-1

[Event "Madrid ch 2009 - Semifinal A"]
[Site "Madrid ESP"]
[Date "2009.01.21"]
[Round "6.13"]
[White "Garcia Gonzalez, Pedro A"]
[Black "Cano Mercado, Francisco Manuel"]
[Result "1-0"]
[WhiteElo "1927"]
[BlackElo "1907"]
[PlyCount "95"]
[EventDate "2009.01.12"]
[EventType "swiss"]
[EventRounds "9"]
[EventCountry "ESP"]
[Source "lmi"]
[SourceDate "2009.01.12"]

1. d4 d5 2. Nf3 Nf6 3. e3 g6 4. Bd3 Bg7 5. O-O O-O 6. b3 b6 7. Qe2 Bb7 8. Bb2
Nbd7 9. Nbd2 e6 10. Rad1 Re8 11. Ne5 c5 12. Ndf3 Qc7 13. h4 Nxe5 14. Nxe5 Ne4
15. Bxe4 dxe4 16. h5 Rac8 17. hxg6 hxg6 18. c4 Rcd8 19. f4 exf3 20. Nxf3 cxd4
21. exd4 Qg3 22. Ne5 Bxe5 23. dxe5 Rxd1 24. Rxd1 Kg7 25. Rd3 Qg5 26. Qd2 Qf5
27. Qe3 Rh8 28. Rd7 Bc6 29. Rd6 Be4 30. Rd4 Bb1 31. Rf4 Qh5 32. a3 Qh1+ 33. Kf2
Bf5 34. Rd4 Qb1 35. Qc1 Qa2 36. Qc3 Rh1 37. Kg3 Qb1 38. Qd2 Rh5 39. Qc1 Qa2 40.
b4 Qb3+ 41. Qc3 Qa2 42. c5 Rg5+ 43. Kf3 Qb1 44. Bc1 bxc5 45. bxc5 Bc2 46. Bxg5
Qf1+ 47. Kg3 Qf5 48. Bf6+ 1-0

[Event "Madrid ch 2009 - Semifinal A"]
[Site "Madrid ESP"]
[Date "2009.01.26"]
[Round "7.1"]
[White "Longa Yauca, Javier"]
[Black "Ballesteros Gonzalez, David"]
[Result "1-0"]
[WhiteElo "2312"]
[BlackElo "2271"]
[PlyCount "141"]
[EventDate "2009.01.12"]
[EventType "swiss"]
[EventRounds "9"]
[EventCountry "ESP"]
[Source "lmi"]
[SourceDate "2009.01.12"]

1. c4 Nf6 2. Nc3 g6 3. d4 Bg7 4. e4 d6 5. h3 O-O 6. Be3 e5 7. Nf3 Nc6 8. d5 Ne7
9. g4 Ne8 10. Nd2 f5 11. f3 a5 12. Be2 c5 13. Qc2 f4 14. Bf2 Bd7 15. Nb5 Nc8
16. h4 h6 17. g5 h5 18. Bd3 Nc7 19. Ke2 Be8 20. a3 a4 21. b4 axb3 22. Qxb3 Rf7
23. Rhc1 Bf8 24. Nb1 Na6 25. N1c3 Kh7 26. Rcb1 Rb8 27. Be1 Qd7 28. a4 Be7 29.
a5 Bd8 30. Bf2 Ra8 31. Ra4 Qe7 32. Be1 Bd7 33. Nd1 Be8 34. Bc3 Bd7 35. Nf2 Be8
36. Ra2 Bd7 37. Kd2 Be8 38. Bf1 Bd7 39. Nd3 Rb8 40. Nxd6 Nxd6 41. Nxe5 Rf8 42.
Nxd7 Qxd7 43. Qa4 Qxa4 44. Rxa4 Re8 45. Bh3 Nxe4+ 46. fxe4 Rxe4 47. Re1 Rxe1
48. Kxe1 Bc7 49. Bd7 Bd6 50. Ke2 Rd8 51. Bb5 Nc7 52. Kf3 Kg8 53. Bf6 Ra8 54.
Bd7 Kf7 55. Ra1 Kg8 56. Bc3 Rd8 57. Ba4 Rb8 58. Rb1 b5 59. cxb5 c4 60. b6 Nxd5
61. b7 Rd8 62. Bd4 Bb8 63. Bb5 Ne3 64. Bb6 Rd3 65. Ke4 Ra3 66. a6 c3 67. a7
Rxa7 68. Bxa7 Bxa7 69. Ba4 Bb8 70. Ra1 Kf8 71. Bb3 1-0

[Event "Madrid ch 2009 - Semifinal A"]
[Site "Madrid ESP"]
[Date "2009.01.26"]
[Round "7.2"]
[White "Fraga Castro, Jose Carlos"]
[Black "Hernandez Gallardo, Francisco Javier"]
[Result "1/2-1/2"]
[WhiteElo "2187"]
[BlackElo "2281"]
[PlyCount "102"]
[EventDate "2009.01.12"]
[EventType "swiss"]
[EventRounds "9"]
[EventCountry "ESP"]
[Source "lmi"]
[SourceDate "2009.01.12"]

1. c4 g6 2. Nc3 Bg7 3. e4 c5 4. g3 Nc6 5. Bg2 e6 6. Nge2 Nge7 7. d3 d6 8. Be3
Nd4 9. Qd2 Nec6 10. O-O O-O 11. Nb5 Nxe2+ 12. Qxe2 a6 13. Nc3 Bd7 14. Qd2 Rb8
15. Bh6 b5 16. Bxg7 Kxg7 17. f4 Qf6 18. e5 dxe5 19. Ne4 Qd8 20. Nxc5 bxc4 21.
dxc4 Qb6 22. Qf2 Be8 23. fxe5 Kg8 24. Nd3 Qc7 25. Qc5 Rc8 26. b4 Qb8 27. Rab1
Bd7 28. Qe3 Rfd8 29. a3 Be8 30. Rbd1 a5 31. Bxc6 Bxc6 32. Qf4 Rf8 33. Rb1 axb4
34. axb4 Ba8 35. Nc5 Qb6 36. Rfe1 Rxc5 37. bxc5 Qxc5+ 38. Kf1 Qc6 39. Rb2 Qh1+
40. Ke2 Qg2+ 41. Qf2 Qe4+ 42. Qe3 Qxc4+ 43. Qd3 Qg4+ 44. Kf2 Qa4 45. Rb6 Qa5
46. Qd6 Bd5 47. Qb4 Qa2+ 48. Re2 Qa1 49. Rb8 Rxb8 50. Qxb8+ Kg7 51. Qb4 Qh1
1/2-1/2

[Event "Madrid ch 2009 - Semifinal A"]
[Site "Madrid ESP"]
[Date "2009.01.26"]
[Round "7.3"]
[White "Lopez Melgar, Enrique"]
[Black "Vukotic Jovsic, Dragan"]
[Result "1-0"]
[WhiteElo "2217"]
[BlackElo "1995"]
[PlyCount "67"]
[EventDate "2009.01.12"]
[EventType "swiss"]
[EventRounds "9"]
[EventCountry "ESP"]
[Source "lmi"]
[SourceDate "2009.01.12"]

1. e4 c5 2. Nf3 d6 3. d4 cxd4 4. Nxd4 Nf6 5. Nc3 g6 6. h3 Bg7 7. g4 Nc6 8. Nde2
O-O 9. Bg2 Rb8 10. O-O b5 11. Be3 Ne5 12. Bxa7 Rb7 13. Bd4 Nc4 14. Nd5 e5 15.
Bc3 Nxd5 16. Qxd5 Qc7 17. a3 Be6 18. Qd3 Bh6 19. b3 Na5 20. Rfd1 Rd8 21. Bxe5
Rb6 22. Bf6 Rc8 23. Nd4 Bd7 24. Re1 Bf4 25. Re2 Nb7 26. Nf3 Nc5 27. Qd4 Ne6 28.
Qb4 Bc6 29. Rd1 Nc5 30. Nd4 Bxe4 31. Bxe4 Nxe4 32. Nxb5 Rxb5 33. Qxe4 Bh2+ 34.
Kxh2 1-0

[Event "Madrid ch 2009 - Semifinal A"]
[Site "Madrid ESP"]
[Date "2009.01.26"]
[Round "7.4"]
[White "De la Fuente Gonzalez, Francisco"]
[Black "Ciuro Munoz, Ricardo"]
[Result "1-0"]
[WhiteElo "2176"]
[BlackElo "2071"]
[PlyCount "105"]
[EventDate "2009.01.12"]
[EventType "swiss"]
[EventRounds "9"]
[EventCountry "ESP"]
[Source "lmi"]
[SourceDate "2009.01.12"]

1. Nf3 Nf6 2. c4 c6 3. g3 d5 4. Bg2 g6 5. O-O Bg7 6. d4 O-O 7. Nc3 Nbd7 8. cxd5
cxd5 9. Bf4 a6 10. Qb3 e6 11. Rac1 Re8 12. Rfd1 Nh5 13. Bd6 Nhf6 14. Ne5 Nb8
15. Ba3 Nc6 16. Nxc6 bxc6 17. Na4 Bd7 18. Nc5 e5 19. Nb7 Qb8 20. Bd6 Qa7 21.
Bc5 Qb8 22. e3 exd4 23. Bxd4 Ne4 24. Bxg7 Kxg7 25. Bxe4 Rxe4 26. Qc3+ Qe5 27.
Nc5 Qxc3 28. Rxc3 Bg4 29. f3 Bxf3 30. Rf1 Be2 31. Rf2 Bb5 32. Nxe4 dxe4 33. b3
Rb8 34. Rd2 Rb7 35. Rd6 a5 36. a4 Bd3 37. Rdxc6 h5 38. R6c5 Ra7 39. Rc7 Ra6 40.
R3c6 Ra8 41. Rb6 Ba6 42. Re7 Be2 43. Rbb7 Rf8 44. Kf2 Bd3 45. Ke1 Kf6 46. h4
Bc2 47. Rec7 Bd3 48. Ra7 Ke6 49. Rxa5 Rb8 50. Rc6+ Kd7 51. Rc3 Ke6 52. Kd2 Bf1
53. Kc1 1-0

[Event "Madrid ch 2009 - Semifinal A"]
[Site "Madrid ESP"]
[Date "2009.01.26"]
[Round "7.5"]
[White "Rodriguez Gonzalez, Javier"]
[Black "Tejedor Ariza, Francisco"]
[Result "1/2-1/2"]
[WhiteElo "2262"]
[BlackElo "2089"]
[PlyCount "106"]
[EventDate "2009.01.12"]
[EventType "swiss"]
[EventRounds "9"]
[EventCountry "ESP"]
[Source "lmi"]
[SourceDate "2009.01.12"]

1. d4 d5 2. Bg5 h6 3. Bh4 c6 4. Nf3 Qb6 5. b3 Bf5 6. e3 e6 7. Bd3 Be7 8. Bxf5
exf5 9. Qd3 Bxh4 10. Nxh4 g6 11. O-O Nd7 12. c4 Ngf6 13. Nc3 Ne4 14. Rfc1 Nxc3
15. Rxc3 Nf6 16. Nf3 O-O 17. Ne5 Rfd8 18. c5 Qc7 19. b4 Nd7 20. Nf3 a6 21. a4
f4 22. Qd2 Nf6 23. Rca3 Ne4 24. Qb2 g5 25. Ne5 f6 26. Nd3 fxe3 27. fxe3 b6 28.
Qc2 Rdb8 29. Rc1 b5 30. axb5 axb5 31. Rca1 Rxa3 32. Rxa3 Kg7 33. Qa2 Rb7 34.
Nf2 Qe7 35. Ra6 Rc7 36. Qc2 Nxf2 37. Kxf2 Qe6 38. h3 f5 39. Qd3 Kf6 40. Ra8 Kg7
41. Rd8 Rd7 42. Rxd7+ Qxd7 43. Qa3 Qe6 44. Qa7+ Kg6 45. Qc7 h5 46. Qd6 Kf7 47.
Qd8 Qe7 48. Qh8 Kg6 49. Qg8+ Kh6 50. Qc8 Qf6 51. Qe8 h4 52. Qd7 Kg6 53. Kf3 Kh6
1/2-1/2

[Event "Madrid ch 2009 - Semifinal A"]
[Site "Madrid ESP"]
[Date "2009.01.26"]
[Round "7.6"]
[White "Salcedo Tornero, Pablo"]
[Black "Pastor Alonso de Prado, Alberto"]
[Result "1-0"]
[WhiteElo "2158"]
[BlackElo "2137"]
[PlyCount "97"]
[EventDate "2009.01.12"]
[EventType "swiss"]
[EventRounds "9"]
[EventCountry "ESP"]
[Source "lmi"]
[SourceDate "2009.01.12"]

1. g3 d5 2. Bg2 c6 3. d3 Nf6 4. Nf3 Bg4 5. Nbd2 e6 6. b3 Nbd7 7. Bb2 Be7 8. O-O
O-O 9. c4 a5 10. a3 Qb6 11. Qc2 Rfd8 12. h3 Bxf3 13. Nxf3 Nc5 14. Rab1 Nfd7 15.
Bd4 Qc7 16. Rfc1 Na6 17. Qb2 Bf6 18. e4 dxe4 19. dxe4 Bxd4 20. Nxd4 e5 21. Nf5
g6 22. Ne3 Nac5 23. Rd1 Nf6 24. Qc2 Ne6 25. c5 Nd4 26. Qc4 Qe7 27. h4 Ne6 28.
b4 axb4 29. axb4 Rxd1+ 30. Rxd1 Nd4 31. Qd3 Ra4 32. Rb1 Qe6 33. Nc4 Nd7 34. Bf1
Qf6 35. Kg2 Nf8 36. Qe3 Ra2 37. Na5 Nc2 38. Qf3 Qxf3+ 39. Kxf3 Ra3+ 40. Kg2
Nxb4 41. Nc4 Ra4 42. Nb6 Ra5 43. Rxb4 Rxc5 44. Bc4 Ra5 45. Rb2 Ra1 46. Rd2 Rb1
47. Nd7 b5 48. Ba2 Ra1 49. Nxe5 1-0

[Event "Madrid ch 2009 - Semifinal A"]
[Site "Madrid ESP"]
[Date "2009.01.26"]
[Round "7.7"]
[White "Lozano Cortijo, Mariano"]
[Black "Pardo Robles, Jose Manuel"]
[Result "1/2-1/2"]
[WhiteElo "2161"]
[BlackElo "1946"]
[PlyCount "70"]
[EventDate "2009.01.12"]
[EventType "swiss"]
[EventRounds "9"]
[EventCountry "ESP"]
[Source "lmi"]
[SourceDate "2009.01.12"]

1. e4 c5 2. Nf3 d6 3. c3 Nf6 4. Bd3 Nc6 5. Bc2 Bg4 6. h3 Bxf3 7. Qxf3 d5 8. d3
e6 9. O-O Be7 10. Re1 dxe4 11. dxe4 e5 12. Ba4 Qc7 13. Qg3 O-O 14. Bxc6 Qxc6
15. Bh6 Nh5 16. Qxe5 Qxh6 17. Qxe7 Nf4 18. Na3 Qg6 19. g3 Nxh3+ 20. Kf1 b6 21.
Nc4 Rfe8 22. Qd6 Qg4 23. Qd1 Qe6 24. Qd5 Qf6 25. Qf5 Qxf5 26. exf5 Ng5 27. Rad1
Rxe1+ 28. Rxe1 f6 29. Re7 Kf8 30. Rb7 Nf7 31. f3 Rd8 32. Ke2 Re8+ 33. Kd3 Re7
34. Rb8+ Re8 35. Rb7 Re7 1/2-1/2

[Event "Madrid ch 2009 - Semifinal A"]
[Site "Madrid ESP"]
[Date "2009.01.26"]
[Round "7.8"]
[White "Fernandez Aransay, Fernando"]
[Black "Martin Rodriguez, Emilio"]
[Result "0-1"]
[WhiteElo "1956"]
[BlackElo "2133"]
[PlyCount "52"]
[EventDate "2009.01.12"]
[EventType "swiss"]
[EventRounds "9"]
[EventCountry "ESP"]
[Source "lmi"]
[SourceDate "2009.01.12"]

1. e4 c6 2. d4 d5 3. exd5 cxd5 4. c4 Nf6 5. Nc3 Nc6 6. Nf3 g6 7. Be2 Bg7 8. O-O
O-O 9. Ne5 dxc4 10. Bxc4 e6 11. Nf3 a6 12. Bg5 Na5 13. Bd3 h6 14. Bh4 b5 15.
Ne4 Bb7 16. Rc1 g5 17. Nfxg5 Nxe4 18. f4 hxg5 19. fxg5 Qd5 20. Rc2 Rad8 21. Rf3
Nc6 22. Rh3 Nb4 23. Qh5 Nxd3 24. Be1 Nxg5 25. Rxd3 Qf5 26. Rg3 Nf3+ 0-1

[Event "Madrid ch 2009 - Semifinal A"]
[Site "Madrid ESP"]
[Date "2009.01.26"]
[Round "7.9"]
[White "Lopez Andujar Ocana, Antonio"]
[Black "Quintero Torres, Pedro"]
[Result "1-0"]
[WhiteElo "2137"]
[BlackElo "2046"]
[PlyCount "59"]
[EventDate "2009.01.12"]
[EventType "swiss"]
[EventRounds "9"]
[EventCountry "ESP"]
[Source "lmi"]
[SourceDate "2009.01.12"]

1. c4 Nf6 2. Nc3 e5 3. g3 Nc6 4. Bg2 Bb4 5. d3 O-O 6. e4 d6 7. Nge2 Bg4 8. h3
Bh5 9. g4 Bg6 10. Be3 Bc5 11. Qd2 Nd7 12. O-O-O Bxe3 13. Qxe3 f6 14. Kb1 a6 15.
d4 Bf7 16. d5 Ne7 17. Nc1 Rb8 18. Bf1 Ng6 19. Nd3 b6 20. Nb4 Qc8 21. Nc6 Ra8
22. h4 Qb7 23. h5 Nf4 24. Ne2 Nxe2 25. Ne7+ Kh8 26. Ng6+ hxg6 27. hxg6+ Kg8 28.
Rh8+ Kxh8 29. Qh3+ Kg8 30. Qh7# 1-0